Hoạt tính xúc tác của phức Fe(III) mang trên màng trao đổi Ion trong quá trình Oxy hóa Na2S /
Guardado en:
| Autor principal: | |
|---|---|
| Otros Autores: | , |
| Formato: | Artículo |
| Lenguaje: | Vietnamese |
| Materias: | |
| Etiquetas: |
Agregar Etiqueta
Sin Etiquetas, Sea el primero en etiquetar este registro!
|
| Thư viện lưu trữ: | Thư viện Trường Đại học Đà Lạt |
|---|
| LEADER | 00916nam a2200289 4500 | ||
|---|---|---|---|
| 001 | DLU120144526 | ||
| 005 | ##20121211 | ||
| 040 | # | # | |a DLU |b vie |
| 041 | # | # | |a vie |
| 044 | # | # | |a vn |
| 100 | # | # | |a Phạm Hữu Điển. |
| 245 | # | # | |a Hoạt tính xúc tác của phức Fe(III) mang trên màng trao đổi Ion trong quá trình Oxy hóa Na2S / |c Phạm Hữu Điển, Châu Văn Minh, Ngô Thị Thuận. |
| 653 | # | # | |a Dẫn điện |
| 653 | # | # | |a Phân tử |
| 653 | # | # | |a Xúc tác tĩnh |
| 700 | # | # | |a Châu Văn Minh. |
| 700 | # | # | |a Ngô Thị Thuận. |
| 773 | # | # | |t Tạp chí Khoa học tự nhiên |g Số 1, 1996, tr. 20-23 |
| 920 | # | # | |a Phòng Tạp chí -- Trung tâm Thông tin - Thư viện Trường Đại học Đà Lạt |
| 994 | # | # | |a DLU |
| 900 | # | # | |a True |
| 911 | # | # | |a Nguyễn Thị Linh Chi |
| 925 | # | # | |a G |
| 926 | # | # | |a A |
| 927 | # | # | |a BB |
| 980 | # | # | |a Thư viện Trường Đại học Đà Lạt |